000 00673nam a2200289Ia 4500
005 20260324124844.0
008 008 260324s9999 xx 000 0 eng d
020 _a9780203854716
037 _aEBOOK
040 _aCRL
040 _beng
040 _cCRL
041 _2eng
041 _aeng
084 _qCRL
100 _aAnanya Roy
_91175752
245 0 _aPoverty Capital
245 0 _bMicrofinance and the Making of Development
260 _bTaylor and Francis
260 _c2010
365 _a
365 _b255
856 _uhttp://www.taylorfrancis.com/books/9780203854716
942 _cEBOOK
999 _c1770512
_d1770512